| 000 | 00827nam a2200241 a 4500 | ||
|---|---|---|---|
| 001 | BRCA_8167 | ||
| 005 | 20190320210147.0 | ||
| 008 | 070514s1960----fr-a###f##---#001-0#fre-# | ||
| 041 | _afre | ||
| 044 | _afr | ||
| 050 | 4 |
_aN8650 _b.S46 _c1960 |
|
| 245 | 1 | 0 |
_aUne semaine de Paris _ble guide-programme des spectacles: musées, cinéma, thréâtre et ópera _cDirector de la publication René Rothenbourger. |
| 260 |
_aParis _bLogier & co. _c1960 |
||
| 300 |
_a67 p. _bil. _c23 cm. |
||
| 440 | 0 |
_aUna semaine de Paris _n714 _920356 |
|
| 500 | _aX69 | ||
| 500 | _aPublicación periódica (guía cultural) inventariada como libro por el Banco de México | ||
| 651 | 4 |
_aParis _vGuías de espectáculos _920357 |
|
| 651 | 4 |
_aParis _vCultura _920358 |
|
| 700 | 1 |
_aRothenbourger, René _edir. _920359 |
|
| 902 | _aGFM | ||
| 942 |
_2lcc _cB |
||
| 999 |
_c7835 _d7835 |
||